Personnages de Cars en images - Statistiques

Statistiques générales
  • Ce quiz a été pris 75 fois
  • Le résultat moyen est 13 sur 25
Statistiques - réponses
Par images Réponse % Correct
Flash Mcqueen
100%
Martin
98%
Sally
94%
Mack
79%
Doc Hudson
77%
Guido
77%
Luigi
77%
Frank
58%
Filmore
56%
Finn Mcmissile
56%
Flo
55%
Ramone
52%
Sergent
47%
Sherif
45%
Jackson Storm
44%
Raoul çaroule
44%
Red
44%
Cruz Ramirez
42%
Professeur Z
40%
Lewis Hamilton
34%
Lizzie
31%
Holley Shiftwell
29%
Tex
29%
Cal
15%
Reine Elizabeth
5%
Aucun quiz correspondant
Distribution des résultats
% des personnes avec chaque résultat
Percentile par nombre de réponses
Votre historique - résultats
Vous n’avez pas pris ce quiz